光と色の三原色 - Statistics

General Stats
  • This quiz has been taken 123 times
  • The average score is 5 of 6
Answer Stats
原色 % Correct
赤色
99%
青色
99%
緑色
98%
イエロー
95%
マゼンタ
76%
シアン
75%
No matching quizzes found
Score Distribution
Percent of People with Each Score
Percentile by Number Answered
Your Score History
You have not taken this quiz